Normal view
MARC view
Entry Personal Name
001 - CONTROL NUMBER
- control field: 529396
003 - CONTROL NUMBER IDENTIFIER
- control field: OSt
005 - DATE AND TIME OF LATEST TRANSACTION
- control field: 20220930072111.0
008 - FIXED-LENGTH DATA ELEMENTS
- fixed length control field: 220930|| aca||aabn | a|a d
040 ## - CATALOGING SOURCE
- Original cataloging agency: OSt
- Transcribing agency: OSt
100 ## - HEADING--PERSONAL NAME
- Personal name: Joshi Neema
670 ## - SOURCE DATA FOUND
- Source citation: Work cat.: (OSt)863383: Joshi Neema, Swaantrauttar Hindi kahani mein chitrit samajik sambandh 1947 - 1974, 1987
